EG industrial (Record no. 81307)
[ view plain ]
| 000 -LEADER | |
|---|---|
| fixed length control field | 01026cab a22002175a 4500 |
| 001 - CONTROL NUMBER | |
| control field | L146843 |
| 008 - FIXED-LENGTH DATA ELEMENTS--GENERAL INFORMATION | |
| fixed length control field | 090304e20090228xxkdo f s 000 0 eng d |
| 035 ## - SYSTEM CONTROL NUMBER | |
| System control number | (Sirsi) u146843 |
| 041 0# - LANGUAGE CODE | |
| Language code of text/sound track or separate title | eng |
| 100 1# - MAIN ENTRY--PERSONAL NAME | |
| Personal name | Morrison, Adrian |
| 245 00 - TITLE STATEMENT | |
| Title | EG industrial |
| 260 ## - PUBLICATION, DISTRIBUTION, ETC. | |
| Date of publication, distribution, etc. | 2008 |
| 490 ## - SERIES STATEMENT | |
| Series statement | Estates Gazette |
| Volume/sequential designation | (0908) 28 February 2009, 71-85(11) |
| 520 ## - SUMMARY, ETC. | |
| Summary, etc. | Reports on how a select few industrial developers are managing to progress their schemes whilst others have to accept slow progress to stay in business. Reveals that the tables have now turned with smaller occupiers shoring up the market, but that this may not be enough to secure the future. Considers which occupiers are likely to survive the economic downturn and reveals that a widening of yields to 8% has served to galvanise investor interest in prime industrial assets. |
| 590 ## - LOCAL NOTE (RLIN) | |
| Local note | KA |
| 651 #4 - SUBJECT ADDED ENTRY--GEOGRAPHIC NAME | |
| Geographic name | United Kingdom |
| Chronological subdivision | |
| 690 ## - LOCAL SUBJECT ADDED ENTRY--TOPICAL TERM (OCLC, RLIN) | |
| Topical term or geographic name as entry element | PROPERTY-COMMERCIAL PROPERTY-COMMERCIAL PROPERTY MARKET |
| 700 1# - ADDED ENTRY--PERSONAL NAME | |
| Personal name | Norman, Paul |
| 700 1# - ADDED ENTRY--PERSONAL NAME | |
| Personal name | Harris, David |
| 942 ## - ADDED ENTRY ELEMENTS (KOHA) | |
| Suppress in OPAC | 0 |
| Withdrawn status | Lost status | Source of classification or shelving scheme | Damaged status | Not for loan | Home library | Current library | Shelving location | Date acquired | Total Checkouts | Full call number | Barcode | Date last seen | Copy number | Price effective from | Koha item type |
|---|---|---|---|---|---|---|---|---|---|---|---|---|---|---|---|
| Dewey Decimal Classification | London | London | Journal article | 04/03/2009 | L146843 | 146843-1001 | 06/08/2019 | 1 | 06/08/2019 | Journal article |